000 00494nam a22001697a 4500
003 MACL
005 20160127112139.0
008 160127b xxu||||| |||| 00| 0 eng d
040 _cMACL
041 _aHindi
082 _a370/BOO
100 _aशिक्षा शास्‍त्र
_934620
245 _aUGC NET/SLET विश्‍वविघालय अनुदान आयोग
260 _aNew Delhi
_bCosmos Bookhive Ltd
650 _aEducations
_932508
942 _2ddc
_cHIN
999 _c52843
_d52843